Countries by Capital - Statistics

General Stats
  • This quiz has been taken 165 times
  • The average score is 24 of 30
Answer Stats
Capital Country % Correct
Paris France
100%
Berlin Germany
99%
Tokyo Japan
99%
Washington D.C United States of America
99%
Beijing China
98%
New Delhi India
98%
Dublin Ireland
98%
Brasilia Brazil
96%
Kiev Ukraine
96%
Vienna Austria
94%
Havana Cuba
93%
Helsinki Finland
92%
Canberra Australia
91%
Santiago Chile
91%
Ankara Turkey
88%
Tehran Iran
87%
Hanoi Vietnam
86%
Zagreb Croatia
83%
Port-au-Prince Haiti
82%
Bratislava Slovakia
80%
Ulaanbaatar Mongolia
74%
Vilnius Lithuania
71%
Yerevan Armenia
59%
Managua Nicaragua
59%
Kinshasa Democratic Republic of the Congo
54%
Yangon Burma
43%
Bishkek Kyrgyzstan
43%
Juba South Sudan
41%
Maputo Mozambique
39%
Lusaka Zambia
39%
No matching quizzes found
Score Distribution
Percent of People with Each Score
Percentile by Number Answered
Your Score History
You have not taken this quiz